Neha z neba kniha, v ktorej nájdete viac, než len skutočné príbehy: osobnostný rozvoj naživo

Bibliographic Details
Main Author: Macková, Ľubica (Author)
Other Authors: Gréková, Linda (Bookjacket designer)
Format: Book
Language:Slovak
Published: [Pezinok] [Autorka vlastným nákladom] 2024
Subjects:

MARC

LEADER 00000cam a2200000 4500
001 vtls012270521
003 SK-MaSNL
005 20260301124545.0
008 250204s2024 xo g f 000 1 slo
015 |a SNBA2025/05 
020 |a 9788057060376  |q (božované) 
040 |a SNK  |b slo  |c SNK  |e rda 
041 0 |a slo 
044 |a xo  |c SK 
072 7 |a 821.162.4-3  |x Slovenská próza  |2 konspekt 
072 7 |a 316.4/.7  |x Sociálne interakcie  |2 konspekt 
080 |a 316.472.4  |2 2011 
080 |a 159.923  |2 2011 
080 |a 159.923.5  |2 2011 
080 |a (0:82-32)  |2 2011 
100 1 |a Macková, Ľubica  |4 aut  |9 367837 
245 1 0 |a Neha z neba  |b kniha, v ktorej nájdete viac, než len skutočné príbehy: osobnostný rozvoj naživo  |c Ľubica Macková 
246 3 0 |a Osobnostný rozvoj naživo 
264 1 |a [Pezinok]  |b [Autorka vlastným nákladom]  |c 2024 
300 |a 165 strán  |c 21 cm 
336 |a text  |b txt  |2 rdacontent 
337 |a bez média  |b n  |2 rdamedia 
338 |a zväzok  |b nc  |2 rdacarrier 
500 |a Vydavateľské údaje podľa NA ISBN 
650 0 7 |a interpersonálne vzťahy  |2 SNKPH  |9 3770 
650 0 7 |a Interpersonal relations  |2 SNKPHeng  |9 278058 
650 0 7 |a psychológia osobnosti  |2 SNKPH  |9 3576 
650 0 7 |a Psychology of personality  |2 SNKPHeng  |9 317296 
650 0 7 |a rozvoj osobnosti  |2 SNKPH  |9 63298 
650 0 7 |a Personality development  |2 SNKPHeng  |9 275896 
655 7 |a príbehy  |2 SNKPH  |9 70507 
655 7 |a Stories  |2 SNKPHeng  |9 265785 
700 1 |a Gréková, Linda  |4 bjd  |9 473186 
852 |a Slovenská národná knižnica 
919 |a 978-80-570-6037-6 
954 |a beletria pôvodná (slovenská)  |2 lita 
999 |c 739821  |d 741751 
952 |a SNK  |b SNK  |y PREZ  |7 0  |p 17A1564264  |o snkSC 209146  |i snk2025/1724  |8 0  |0 0  |1 0  |4 0  |d 2025-02-04  |f 1  |l 0  |r 2025-11-03 00:00:00  |w 2026-02-23